Mathematics by Letter - A - Statistics

General Stats
  • This quiz has been taken 70 times
  • The average score is 8 of 14
Answer Stats
Hint Answer % Correct
This can be acute, right, obtuse or reflex angle
95%
The opposite of subtraction addition
93%
Branch of mathematics involving the study of equations, often using symbols algebra
93%
This can be mean, median or mode average
80%
Elementary branch of mathematics, associated with numerical operations arithmetic
77%
Part of the circumference of a circle arc
69%
A straight line which becomes closer and closer to a curve, but never touches it asymptote
49%
Property that means (a * b) * c = a * (b * c) associativity
44%
Synonym for the magnitude of a number absolute value
38%
An assumption taken to be true, often by self-evidence, used as the premise for proofs axiom
38%
Alternative word for integral in calculus antiderivative
30%
Graphical way to represent complex numbers {Argand} diagram
23%
Type of transformation equivalent to a linear transformation followed by a translation {affine} transformation
16%
Angular distance from the horizontal azimuth
15%
No matching quizzes found
Score Distribution
Percent of People with Each Score
Percentile by Number Answered
Your Score History
You have not taken this quiz